Detalles MARC
| 000 -LEADER |
| campo de control de longitud fija |
03611cam a22004814i 4500 |
| 003 - IDENTIFICADOR DE NÚMERO DE CONTROL |
| campo de control |
PE-LiUPU |
| 005 - FECHA Y HORA DE LA ÚLTIMA TRANSACCIÓN |
| campo de control |
20250731173052.0 |
| 008 - DATOS DE LONGITUD FIJA--INFORMACIÓN GENERAL |
| campo de control de longitud fija |
180305s2017 ne r 001 0 eng d |
| 020 ## - NÚMERO INTERNACIONAL ESTÁNDAR DEL LIBRO |
| Número Internacional Estándar del Libro |
9789004338531 |
| 035 ## - NÚMERO DE CONTROL DEL SISTEMA |
| Número de control de sistema |
(Sirsi) a241419 |
| 040 ## - FUENTE DE CATALOGACIÓN |
| Centro catalogador/agencia de origen |
PE-LiUPU |
| Lengua de catalogación |
spa |
| Centro/agencia transcriptor |
PE-LiUPU |
| Normas de descripción |
rda |
| 049 ## - FONDOS LOCALES (OCLC) |
| Biblioteca depositaria |
PRUA |
| 082 04 - NÚMERO DE LA CLASIFICACIÓN DECIMAL DEWEY |
| Número de clasificación |
202.16 |
| Cutter |
D5 |
| Número de edición |
23 |
| 245 00 - MENCIÓN DEL TÍTULO |
| Título |
Demons and illness from antiquity to the early-modern period / |
| Mención de responsabilidad, etc. |
edited by Siam Bhayro and Catherine Rider. |
| 264 #1 - PRODUCCIÓN, PUBLICACIÓN, DISTRIBUCIÓN, FABRICACIÓN Y COPYRIGHT |
| Producción, publicación, distribución, fabricación y copyright |
Leiden : |
| Nombre del de productor, editor, distribuidor, fabricante |
Brill, |
| Fecha de producción, publicación, distribución, fabricación o copyright |
2017. |
| 300 ## - DESCRIPCIÓN FÍSICA |
| Extensión |
xiv, 433 páginas ; |
| Dimensiones |
25 centímetros. |
| 336 ## - TIPO DE CONTENIDO |
| Término de tipo de contenido |
text |
| Fuente |
rdacontent |
| 337 ## - TIPO DE MEDIO |
| Nombre/término del tipo de medio |
unmediated |
| Fuente |
rdamedia |
| 338 ## - TIPO DE SOPORTE |
| Nombre/término del tipo de soporte |
volume |
| Fuente |
rdacarrier |
| 490 0# - MENCIÓN DE SERIE |
| Mención de serie |
Magical and religious literature of Late Antiquity, |
| Número Internacional Normalizado para Publicaciones Seriadas |
2211-016X ; |
| Designación de volumen o secuencia |
Volume 5 |
| 504 ## - NOTA DE BIBLIOGRAFÍA, ETC. |
| Nota de bibliografía, etc. |
Índices : páginas 419-433. |
| 505 ## - NOTA DE CONTENIDO CON FORMATO |
| Nota de contenido con formato |
Introduction / Siam Bhayro and Catherine Rider -- Ancient Mesopotamia and Egypt. Shifting Alignments : The Dichotomy of Benevolent and Malevolent Demons in Mesopotamia / Gina Konstantopoulos -- The Natural and Supernatural Aspects of Fever in Mesopotamian Medical Texts / András Bácksay -- Illness as Divine Punishment : The Nature and Function of the Disease-Carrier Demons in the Ancient Egyptian Magical Texts / Rita Lucarelli -- Demons at Work in Ancient Mesopotamia / Lorenzo Verderame -- Second Temple Judaism and Late Antiquity. Demons and Illness in Second Temple Judaism : Theory and Practice / Ida Fröhlich -- Illness and Healing through Spell and Incantation in the Dead Sea Scrolls / David Hamidović -- Conceptualizing Demons in Late Antique Judaism / Gideon Bohak -- Oneiric Aggressive Magic : Sleep Disorders in Late Antique Jewish Tradition / Alessia Bellusci -- The Influence of Demons on the Human Mind According to Athenagoras and Tatian / Chiara Crosignani -- Demonic Anti-Music and Spiritual Disorder in the Life of Antony / Sophie Sawicka-Sykes -- Over-eating Demoniacs in Late Antique Hagiography / Sophie Lunn-Rockliffe -- Medieval. Miracles and Madness: Dispelling Demons in Twelfth-Century Hagiography / Anne E. Bailey -- Demons in Lapidaries? The Evidence of the Madrid MS Escorial, h.I.15 / M. Carolina Escobar Vargas -- The Melancholy of the Necromancer in Arnau de Vilanova's Epistle against Demonic Magic / Sebastià Giralt -- Demons, Illness and Spiritual Aids in Natural Magic and Image Magic / Lauri Ockenström -- Between Medicine and Magic : Spiritual Aetiology and Therapeutics in Medieval Islam / Liana Saif -- Demons, Saints, and the Mad in the Twelfth-Century Miracles of Thomas Becket / Claire Trenery -- Early Modernity. The Post-Reformation Challenge to Demonic Possession / Harman Bhogal -- From A Discoverie to The Triall of Witchcraft : Doctor Cotta and Godly John / Pierre Kapitaniak -- Healing with Demons? Preternatural Philosophy and Superstitious Cures in Spanish Inquisitorial Courts / Bradley J. Mollmann -- Afterword : Pandaemonium / Peregrine Horden. |
| 526 ## - NOTA DE INFORMACIÓN SOBRE EL PROGRAMA DE ESTUDIO |
| Nombre del programa |
Segunda Especialidad En Profecías Bíblicas |
| 526 ## - NOTA DE INFORMACIÓN SOBRE EL PROGRAMA DE ESTUDIO |
| Nombre del programa |
Segunda Especialidad En Nuevo Testamento |
| 526 ## - NOTA DE INFORMACIÓN SOBRE EL PROGRAMA DE ESTUDIO |
| Nombre del programa |
Segunda Especialidad En Antiguo Testamento |
| 526 ## - NOTA DE INFORMACIÓN SOBRE EL PROGRAMA DE ESTUDIO |
| Nombre del programa |
Segunda Especialidad En Estudios Adventistas |
| 526 ## - NOTA DE INFORMACIÓN SOBRE EL PROGRAMA DE ESTUDIO |
| Nombre del programa |
Doctorado en teología |
| 526 ## - NOTA DE INFORMACIÓN SOBRE EL PROGRAMA DE ESTUDIO |
| Nombre del programa |
Maestría en teología histórica |
| 526 ## - NOTA DE INFORMACIÓN SOBRE EL PROGRAMA DE ESTUDIO |
| Nombre del programa |
Maestría en teología bíblica |
| 526 ## - NOTA DE INFORMACIÓN SOBRE EL PROGRAMA DE ESTUDIO |
| Nombre del programa |
Maestría en teología |
| 526 ## - NOTA DE INFORMACIÓN SOBRE EL PROGRAMA DE ESTUDIO |
| Nombre del programa |
Maestría en misionología |
| 526 ## - NOTA DE INFORMACIÓN SOBRE EL PROGRAMA DE ESTUDIO |
| Nombre del programa |
Maestría en liderazgo eclesiástico |
| 526 ## - NOTA DE INFORMACIÓN SOBRE EL PROGRAMA DE ESTUDIO |
| Nombre del programa |
Teología |
| 596 ## - |
| -- |
1 |
| 650 #0 - PUNTO DE ACCESO ADICIONAL DE MATERIA--TÉRMINO DE MATERIA |
| Término de materia o nombre geográfico como elemento de entrada |
Demonology |
| Subdivisión general |
History. |
| 650 #0 - PUNTO DE ACCESO ADICIONAL DE MATERIA--TÉRMINO DE MATERIA |
| Término de materia o nombre geográfico como elemento de entrada |
Demonología |
| Subdivisión general |
Historia. |
| 700 1# - ENTRADA AGREGADA--NOMBRE PERSONAL |
| Nombre de persona |
Bhayro, Siam, |
| Término indicativo de función/relación |
editor. |
| 910 ## - DATOS DE OPCIÓN DEL USUARIO (OCLC) |
| Datos de opción del usuario |
dbm |
| -- |
jpc |
| -- |
jpc |
| -- |
20180305 |
| 942 ## - ELEMENTOS DE ENTRADA SECUNDARIOS (KOHA) |
| Fuente del sistema de clasificación o colocación |
Clasificación Decimal Dewey |
| Tipo de ítem Koha |
|
| 994 ## - |
| -- |
C0 |
| -- |
PEPRU |
| 999 ## - NÚMEROS DE CONTROL DE SISTEMA (KOHA) |
| -- |
DEWEY |
| -- |
78387 |
| -- |
2021-11-9 |
| -- |
4 |
| -- |
CCODEBUL1 |
| -- |
BUL |
| -- |
121.00 |
| -- |
0 |
| -- |
Y |
| -- |
BOOK |
| -- |
2018-3-5 |
| -- |
TEOLOGIA |
| -- |
P35 |
| -- |
COMPRA |
| -- |
.STAFF. Colección Teología |
| 980 ## - EQUIVALENCIA O REFERENCIA-CRUZADA-MENCIÓN DE SERIE--NOMBRE DE PERSONA/TÍTULO [LOCAL, CANADÁ] |
| ID del último usuario que modificó el registro |
1 |
| Nombre del último usuario que modificó el registro |
ALBERTO SANCHEZ Responsable de Automatización |